Rozprávky z Tisíc a jednej noci
| Ďalší autori: | , , , , |
|---|---|
| Médium: | Kniha |
| Jazyk: | slovenčina čeština arabčina |
| Fyzický popis: | 204, [4] s. V. 4° |
| Vydavateľské údaje: |
Bratislava
SNDK
1955
|
| Edícia: | Pre deti od 12 rokov
|
| Predmet: |
MARC
| LEADER | 00000nam a2200000 a 4500 | ||
|---|---|---|---|
| 001 | vtls008394669 | ||
| 003 | SK-MaSNL | ||
| 005 | 20260301181944.0 | ||
| 008 | 251031s1955 xo slo | ||
| 015 | |a SKSNBA19451955-010335 | ||
| 035 | |a SK01SNKBKSFS20020086886 | ||
| 035 | |a SKM000089349 | ||
| 040 | |a SNK |b slo |c SNK |e AACR2 | ||
| 041 | 1 | |a slo |h cze |h ara | |
| 044 | |a xo |c SK | ||
| 080 | |a 398.2 |2 1981 | ||
| 080 | |a 892.7-3 |2 1981 | ||
| 240 | 1 | 0 | |a Alf lajla wa lajla |l Slovensky |
| 245 | 1 | 0 | |a Rozprávky z Tisíc a jednej noci |c ilustr. Emil Makovický ; (podľa prekladu Felixa Tauera poslov. Emília Horanská) ; (predslov nap. Elena Horanská) ; (verše prel. Pavol Horov) ; (poznámky Felix Tauer) |
| 260 | |a Bratislava |b SNDK |c 1955 |e Martin |f Severoslov. tlač. | ||
| 300 | |a 204, [4] s. |c V. 4° | ||
| 490 | 0 | |a Pre deti od 12 rokov | |
| 500 | |a Tit. orig.: Alf lajla wa lajla | ||
| 505 | 0 | |a 7 rozprávok | |
| 563 | |a 20.300 výtlač. | ||
| 650 | 0 | 7 | |a arabské rozprávky |2 SNK |9 88008 |
| 655 | 7 | |a umelecká literatúra |2 SNKPH |9 60405 | |
| 655 | 7 | |a zbierky |2 SNKPH |9 70533 | |
| 700 | 1 | |a Makovický, Emil, |d 1908-1986 |4 ill |9 38650 | |
| 700 | 1 | |a Tauer, Felix |4 trl |4 ann |9 422100 | |
| 700 | 1 | |a Horanská, Emília |c (prekladateľka) |4 trl |9 179385 | |
| 700 | 1 | |a Chmelová, Elena, |d 1920-1995 |4 aui |9 163974 | |
| 700 | 1 | |a Horov, Pavol, |d 1914-1975 |4 trl |9 107789 | |
| 830 | 0 | |a Pre deti od 12 rokov |9 555181 | |
| 852 | |a Slovenská národná knižnica v Martine |b 10000 |h MS SB 2801 | ||
| 958 | |a OND | ||
| 958 | |a RK | ||
| 958 | |a TL | ||
| 999 | |c 851900 |d 853830 | ||
| 952 | |a SNK |b SNK |y PREZ |7 0 |p 17A0746115 |o snkSB 2801 |0 0 |1 0 |4 0 |d 2011-11-03 |f 1 |l 0 |r 2025-02-14 00:00:00 |w 2026-02-24 | ||
| 952 | |t P60, <05>, [BOOK], {605} |a SNK |b SNK |y PREZ |7 0 |p 17A0129146 |o snkSB 2801 D1 |0 0 |1 0 |4 0 |d 1998-03-16 |l 0 |r 2005-01-02 00:00:00 |w 2026-02-24 | ||


